<?xml version="1.0" encoding="UTF-8"?>
<record
    xmlns:xsi="http://www.w3.org/2001/XMLSchema-instance"
    xsi:schemaLocation="http://www.loc.gov/MARC21/slim http://www.loc.gov/standards/marcxml/schema/MARC21slim.xsd"
    xmlns="http://www.loc.gov/MARC21/slim">

  <leader>00976nam a2200277 a 4500</leader>
  <controlfield tag="001">1464</controlfield>
  <controlfield tag="003">BR-CuiBMT</controlfield>
  <controlfield tag="005">20231214210140.0</controlfield>
  <controlfield tag="008">231211s2004    dfb           001 0 por d</controlfield>
  <datafield tag="020" ind1=" " ind2=" ">
    <subfield code="a">8574692379 (v. 2)</subfield>
  </datafield>
  <datafield tag="020" ind1=" " ind2=" ">
    <subfield code="a">8574692379 (v. 3)</subfield>
  </datafield>
  <datafield tag="020" ind1=" " ind2=" ">
    <subfield code="a">8574692379 (v. 4)</subfield>
  </datafield>
  <datafield tag="020" ind1=" " ind2=" ">
    <subfield code="a">8574692727 (v. 5)</subfield>
  </datafield>
  <datafield tag="020" ind1=" " ind2=" ">
    <subfield code="a">8574692735 (v. 6)</subfield>
  </datafield>
  <datafield tag="040" ind1=" " ind2=" ">
    <subfield code="a">BR-CuiBMT</subfield>
    <subfield code="c">BR-CuiBMT</subfield>
  </datafield>
  <datafield tag="080" ind1=" " ind2=" ">
    <subfield code="a">342.565</subfield>
    <subfield code="2">2007</subfield>
  </datafield>
  <datafield tag="090" ind1=" " ind2=" ">
    <subfield code="a">342.565</subfield>
    <subfield code="b">B823a</subfield>
  </datafield>
  <datafield tag="110" ind1="1" ind2=" ">
    <subfield code="a">Brasil.</subfield>
    <subfield code="b">Supremo Tribunal Federal.</subfield>
  </datafield>
  <datafield tag="245" ind1="1" ind2="0">
    <subfield code="a">A&#xE7;&#xF5;es diretas de inconstitucionalidade :</subfield>
    <subfield code="b">jurisprud&#xEA;ncia /</subfield>
    <subfield code="c">Supremo Tribunal Federal.</subfield>
  </datafield>
  <datafield tag="260" ind1=" " ind2=" ">
    <subfield code="a">Bras&#xED;lia :</subfield>
    <subfield code="b">Supremo Tribunal Federal,</subfield>
    <subfield code="c">2004.</subfield>
  </datafield>
  <datafield tag="300" ind1=" " ind2=" ">
    <subfield code="a">6 v. :</subfield>
    <subfield code="b">il. ;</subfield>
    <subfield code="c">22 cm</subfield>
  </datafield>
  <datafield tag="505" ind1="1" ind2=" ">
    <subfield code="a">v. 2. 1992-1993 -- v. 3. 1994-1995 -- v. 4. 1996-1997. v. 5. 1998-1999 -- v. 6. 2000-2001</subfield>
  </datafield>
  <datafield tag="610" ind1="1" ind2="4">
    <subfield code="a">Brasil.</subfield>
    <subfield code="b">Supremo Tribunal Federal</subfield>
    <subfield code="x">Jurisprud&#xEA;ncia</subfield>
  </datafield>
  <datafield tag="650" ind1=" " ind2=" ">
    <subfield code="a">A&#xE7;&#xE3;o direta de inconstitucionalidade </subfield>
    <subfield code="x">Jurisprud&#xEA;ncia </subfield>
    <subfield code="z">Brasil</subfield>
  </datafield>
  <datafield tag="942" ind1=" " ind2=" ">
    <subfield code="2">udc</subfield>
    <subfield code="c">LV</subfield>
  </datafield>
  <datafield tag="952" ind1=" " ind2=" ">
    <subfield code="0">0</subfield>
    <subfield code="1">0</subfield>
    <subfield code="2">udc</subfield>
    <subfield code="4">0</subfield>
    <subfield code="7">0</subfield>
    <subfield code="a">BIBTCEMT</subfield>
    <subfield code="b">BIBTCEMT</subfield>
    <subfield code="d">2010-08-18</subfield>
    <subfield code="h">v. 2</subfield>
    <subfield code="l">0</subfield>
    <subfield code="o">342.565 B823a</subfield>
    <subfield code="p">BIBTCEMT23120360</subfield>
    <subfield code="r">2023-12-11</subfield>
    <subfield code="t">Ex. 1</subfield>
    <subfield code="w">2010-08-18</subfield>
    <subfield code="y">LV</subfield>
  </datafield>
  <datafield tag="952" ind1=" " ind2=" ">
    <subfield code="0">0</subfield>
    <subfield code="1">0</subfield>
    <subfield code="2">udc</subfield>
    <subfield code="4">0</subfield>
    <subfield code="7">0</subfield>
    <subfield code="a">BIBTCEMT</subfield>
    <subfield code="b">BIBTCEMT</subfield>
    <subfield code="d">2010-08-18</subfield>
    <subfield code="h">v. 3</subfield>
    <subfield code="l">0</subfield>
    <subfield code="o">342.565 B823a</subfield>
    <subfield code="p">BIBTCEMT23120512</subfield>
    <subfield code="r">2023-12-14</subfield>
    <subfield code="t">Ex. 1</subfield>
    <subfield code="w">2010-08-18</subfield>
    <subfield code="y">LV</subfield>
  </datafield>
  <datafield tag="952" ind1=" " ind2=" ">
    <subfield code="0">0</subfield>
    <subfield code="1">0</subfield>
    <subfield code="2">udc</subfield>
    <subfield code="4">0</subfield>
    <subfield code="7">0</subfield>
    <subfield code="a">BIBTCEMT</subfield>
    <subfield code="b">BIBTCEMT</subfield>
    <subfield code="d">2010-08-18</subfield>
    <subfield code="h">v. 4</subfield>
    <subfield code="l">0</subfield>
    <subfield code="o">342.565 B823a</subfield>
    <subfield code="p">BIBTCEMT23120514</subfield>
    <subfield code="r">2023-12-14</subfield>
    <subfield code="t">Ex. 1</subfield>
    <subfield code="w">2010-08-18</subfield>
    <subfield code="y">LV</subfield>
  </datafield>
  <datafield tag="952" ind1=" " ind2=" ">
    <subfield code="0">0</subfield>
    <subfield code="1">0</subfield>
    <subfield code="2">udc</subfield>
    <subfield code="4">0</subfield>
    <subfield code="7">0</subfield>
    <subfield code="a">BIBTCEMT</subfield>
    <subfield code="b">BIBTCEMT</subfield>
    <subfield code="d">2010-08-18</subfield>
    <subfield code="h">v. 5</subfield>
    <subfield code="l">0</subfield>
    <subfield code="o">342.565 B823a</subfield>
    <subfield code="p">BIBTCEMT23120515</subfield>
    <subfield code="r">2023-12-14</subfield>
    <subfield code="t">Ex. 1</subfield>
    <subfield code="w">2010-08-18</subfield>
    <subfield code="y">LV</subfield>
  </datafield>
  <datafield tag="952" ind1=" " ind2=" ">
    <subfield code="0">0</subfield>
    <subfield code="1">0</subfield>
    <subfield code="2">udc</subfield>
    <subfield code="4">0</subfield>
    <subfield code="7">0</subfield>
    <subfield code="a">BIBTCEMT</subfield>
    <subfield code="b">BIBTCEMT</subfield>
    <subfield code="d">2010-08-18</subfield>
    <subfield code="h">v. 6</subfield>
    <subfield code="l">0</subfield>
    <subfield code="o">342.565 B823a</subfield>
    <subfield code="p">BIBTCEMT23120516</subfield>
    <subfield code="r">2023-12-14</subfield>
    <subfield code="t">Ex. 1</subfield>
    <subfield code="w">2010-08-18</subfield>
    <subfield code="y">LV</subfield>
  </datafield>
  <datafield tag="999" ind1=" " ind2=" ">
    <subfield code="c">1464</subfield>
    <subfield code="d">1464</subfield>
  </datafield>
</record>
